Etický konzumerizmus - cesta k zvyšovaniu udržateľnosti výkonnosti ekonomiky

Všeobecné fungovanie systému ochrany spotrebiteľa. Základné práva spotrebiteľa Európskej únie. Hlavné zásady ochrany spotrebiteľa. Legislatívna ochrana spotrebiteľa. Kontrola a regulácia ochrany spotrebiteľa v SR. Mimovládne organizácie zamerané na ochranu spotrebiteľa.

Na minha lista:
Detalhes bibliográficos
Autor principal: Dubcová, Gabriela, 1968-
Formato: Capítulo de Livro
Idioma:eslovaco
Assuntos:
Tags: Adicionar Tag
Sem tags, seja o primeiro a adicionar uma tag!

MARC

LEADER 00000nla a2200000 4500
001 0185147
005 20240522093352.9
041 0 |a slo 
044 |a SK 
245 1 0 |a Etický konzumerizmus - cesta k zvyšovaniu udržateľnosti výkonnosti ekonomiky  |c Gabriela Dubcová 
520 |a Všeobecné fungovanie systému ochrany spotrebiteľa. Základné práva spotrebiteľa Európskej únie. Hlavné zásady ochrany spotrebiteľa. Legislatívna ochrana spotrebiteľa. Kontrola a regulácia ochrany spotrebiteľa v SR. Mimovládne organizácie zamerané na ochranu spotrebiteľa. 
610 2 0 |a ochrana spotrebiteľa 
610 2 0 |a legislatíva 
610 2 0 |a právo spotrebiteľské 
610 2 0 |a Slovensko 
610 2 0 |a Európska únia 
610 2 0 |a etika podnikateľská 
100 1 |a Dubcová, Gabriela, 1968-